<?xml version="1.0" encoding="UTF-8"?>
<collection xmlns="http://www.loc.gov/MARC21/slim">
 <record>
  <leader>03582nam a2200301 a 4500</leader>
  <controlfield tag="001">kal550</controlfield>
  <controlfield tag="003">Gr-AtHEAL</controlfield>
  <controlfield tag="005">20160426115104.0</controlfield>
  <controlfield tag="006">m        d        </controlfield>
  <controlfield tag="008">160413s2015    gr      s           gre|c</controlfield>
  <datafield tag="020" ind1=" " ind2=" ">
   <subfield code="a">9789606031533</subfield>
  </datafield>
  <datafield tag="040" ind1=" " ind2=" ">
   <subfield code="a">GR-AtHEAL</subfield>
   <subfield code="b">gre</subfield>
   <subfield code="c">GR-AtHEAL</subfield>
  </datafield>
  <datafield tag="082" ind1="0" ind2="4">
   <subfield code="a">623.8171</subfield>
   <subfield code="2">23</subfield>
  </datafield>
  <datafield tag="100" ind1="1" ind2=" ">
   <subfield code="a">Τζαμπίρας, Γεώργιος.</subfield>
   <subfield code="8">1972</subfield>
  </datafield>
  <datafield tag="245" ind1="1" ind2="0">
   <subfield code="a">Υδροστατική και ευστάθεια πλοίου</subfield>
   <subfield code="h">[Ηλεκτρονικός πόρος] </subfield>
   <subfield code="c">Τζαμπίρας, Γεώργιος ; Κριτικός αναγνώστης,Ζαραφωνίτης, Γεώργιος ; Γραφιστική επιμέλεια,Μιαούλης, Παναγιώτης ; Τεχνική επιμέλεια,Πολύζος, Στυλιανός ; Γλωσσική επιμέλεια,Ξιφαρά, Φωτεινή.</subfield>
  </datafield>
  <datafield tag="260" ind1=" " ind2=" ">
   <subfield code="a">Αθήνα :</subfield>
   <subfield code="b">Σύνδεσμος Ελληνικών Ακαδημαϊκών Βιβλιοθηκών,</subfield>
   <subfield code="c">c2015.</subfield>
  </datafield>
  <datafield tag="490" ind1=" " ind2=" ">
   <subfield code="a">Ακαδημαϊκά Ηλεκτρονικά Συγγράμματα και Βοηθήματα Κάλλιπος</subfield>
   <subfield code="8">40</subfield>
  </datafield>
  <datafield tag="520" ind1=" " ind2=" ">
   <subfield code="a">Η Θεματολογία του βιβλίου καλύπτει ένα βασικό κλάδο της ναυπηγικής που ειναι η ευστάθεια και η υδροστατική ισορροπία των συμβατικών πλοίων υπο την επίδραση διαφόρων δυνάμεων και ροπών. Σκοπός του βιβλίου είναι να ανανπτύξει τισ βασικές μεθοδολογίες επίλυσης αυτών των προβλημάτων είτε με μεθόδους κλασικής μηχανικής οπου αυτό είναι εφικτό, είτε με χρήση ειδικών διαγραμμάτων και λογισμικών όταν αυτά είναι διαθέσιμα. Ενδειττικά τα κεφάλαια του βιβλίου είναιΚΕΦΑΛΑΙΟ Ι ΓΕΝΙΚΕΥΜΕΝΗ ΥΔΡΟΣΤΑΤΙΚΗ (ΘΕΩΡΙΑ ΜΙΚΡΩΝ ΜΕΤΑΒΟΛΩΝ)ΚΕΦΑΛΙΑΟ 2 ΥΔΡΟΣΤΑΤΙΚΟ ΔΙΑΓΡΑΜΜΑΚΕΦΑΛΑΙΟ 3 ΕΓΚΑΡΣΙΑ ΚΛΙΣΗ ΣΥΜΒΑΤΙΚΩΝ ΠΛΙΟΩΝΚΕΦΑΛΑΙΟ 4 ΔΙΑΓΩΓΗ ΣΥΜΒΑΤΙΚΩΝ ΠΛΟΙΩΝΚΕΦΑΛΑΙΟ 5 ΕΠΙΔΡΑΣΗ ΕΛΕΥΘΕΡΩΝ ΕΠΙΦΑΝΕΙΩΝΚΕΦΑΛΑΙΟ 6 ΦΟΡΤΩΣΗ ΤΩΝ ΠΛΟΩΝΚΕΦΑΛΑΙΟ 7 ΚΑΝΟΝΙΣΜΟΙ ΑΘΙΚΤΗΣ ΕΥΣΤΑΘΕΙΑΣΚΕΦΑΛΙΟ 8 ΕΥΣΤΑΘΕΙΑ ΣΕ ΚΥΜΑΚΕΦΑΛΙΑΟ 9 ΘΕΩΡΙΑ ΧΑΜΕΝΗΣ ΑΝΤΩΣΗΣ. ΚΑΤΑΚΛΥΣΙΜΑ ΜΗΚΗΚΕΦΑΛΙΑΟ 10 ΔΕΞΑΜΕΝΙΣΜΟΣ ΚΑΙ ΚΑΘΕΛΚΥΣΗΠΑΡΑΡΤΗΜΑΛΥΜΕΝΕΣ ΑΣΚΗΣΕΙΣΕΚΦΩΝΗΣΕΙΣ ΑΛΥΤΩΝ ΑΣΚΗΣΕΩΝ</subfield>
  </datafield>
  <datafield tag="650" ind1=" " ind2="0">
   <subfield code="a">Stability of ships</subfield>
   <subfield code="8">2536</subfield>
  </datafield>
  <datafield tag="650" ind1=" " ind2="0">
   <subfield code="a">Hydrostatics</subfield>
   <subfield code="8">2537</subfield>
  </datafield>
  <datafield tag="653" ind1=" " ind2=" ">
   <subfield code="a">Υδροστατική και ευστάθεια πλοίου</subfield>
  </datafield>
  <datafield tag="653" ind1=" " ind2=" ">
   <subfield code="a">Τεχνολογία και επιστήμες μηχανικών</subfield>
   <subfield code="a">Ναυτική τεχνολογία</subfield>
  </datafield>
  <datafield tag="700" ind1="1" ind2=" ">
   <subfield code="a">Ζαραφωνίτης, Γεώργιος</subfield>
   <subfield code="e">Κριτικός αναγνώστης</subfield>
   <subfield code="8">1973</subfield>
  </datafield>
  <datafield tag="856" ind1="4" ind2="0">
   <subfield code="u">http://hdl.handle.net/11419/550</subfield>
   <subfield code="z">Πλήρες Κείμενο - Full text</subfield>
  </datafield>
  <datafield tag="907" ind1=" " ind2=" ">
   <subfield code="a">.b25677883</subfield>
   <subfield code="b">12-06-18</subfield>
   <subfield code="c">29-07-16</subfield>
  </datafield>
  <datafield tag="949" ind1=" " ind2=" ">
   <subfield code="0">0</subfield>
   <subfield code="1">0</subfield>
   <subfield code="2">ddc</subfield>
   <subfield code="4">0</subfield>
   <subfield code="6">623_817100000000000_ΤΖΑ</subfield>
   <subfield code="7">0</subfield>
   <subfield code="8">KALL</subfield>
   <subfield code="8">546</subfield>
   <subfield code="d">2016-04-13</subfield>
   <subfield code="r">2016-04-13</subfield>
   <subfield code="w">2016-04-13</subfield>
   <subfield code="z">623.8171 ΤΖΑ</subfield>
   <subfield code="o">SEAB KALLIPOS</subfield>
  </datafield>
  <datafield tag="998" ind1=" " ind2=" ">
   <subfield code="a">80</subfield>
   <subfield code="a">01</subfield>
   <subfield code="a">02</subfield>
   <subfield code="a">03</subfield>
   <subfield code="a">04</subfield>
   <subfield code="a">05</subfield>
   <subfield code="a">06</subfield>
   <subfield code="a">07</subfield>
   <subfield code="a">08</subfield>
   <subfield code="a">09</subfield>
   <subfield code="a">10</subfield>
   <subfield code="a">11</subfield>
   <subfield code="a">12</subfield>
   <subfield code="a">13</subfield>
   <subfield code="a">14</subfield>
   <subfield code="a">15</subfield>
   <subfield code="a">16</subfield>
   <subfield code="a">17</subfield>
   <subfield code="a">18</subfield>
   <subfield code="a">19</subfield>
   <subfield code="a">20</subfield>
   <subfield code="a">21</subfield>
   <subfield code="a">22</subfield>
   <subfield code="a">23</subfield>
   <subfield code="a">24</subfield>
   <subfield code="a">25</subfield>
   <subfield code="a">26</subfield>
   <subfield code="b">11-05-17</subfield>
   <subfield code="c">m</subfield>
   <subfield code="d">z  </subfield>
   <subfield code="e">-</subfield>
   <subfield code="f">gre</subfield>
   <subfield code="g">gr </subfield>
   <subfield code="h">0</subfield>
  </datafield>
  <datafield tag="942" ind1=" " ind2=" ">
   <subfield code="2">ddc</subfield>
   <subfield code="c">KALLIPOS</subfield>
  </datafield>
 </record>
</collection>
